| 000 | 00901nam a2200241 a 4500 | ||
|---|---|---|---|
| 001 | 000024027 | ||
| 005 | 20260513100001.0 | ||
| 008 | 110118s1962 ve 000 p spa d | ||
| 040 |
_aDO-SdBNP _bspa _cBNPHU |
||
| 082 |
_a808.81 _bV434s |
||
| 100 | 1 |
_aVelásquez, Lucila, _d1928-2009. _949369 |
|
| 245 | 1 | 0 |
_aSelección poética / _cLucila Velasquez. |
| 260 |
_aCaracas, (Venezuela) : _bEdiciones del Ministerio de Educación, Dirección de Cultura y Bellas Artes, _c1962. |
||
| 300 |
_axix, [4], 174 p. ; _c18 cm. |
||
| 490 | 1 |
_aBiblioteca popular venezolana _v90 |
|
| 500 | _aIncluye datos biográficos del autor en la solapa de la contracubierta | ||
| 504 | _aIncluye referencias bibliográficas | ||
| 650 | 0 |
_aAntología poética _949370 |
|
| 650 | 4 |
_aPoesía _xColecciones _99729 |
|
| 650 | 4 |
_aPoesía venezolana _94230 |
|
| 830 | 0 |
_aBiblioteca popular venezolana ; _v90 _94512 |
|
| 049 | _aBNGR | ||
| 999 |
_c23522 _d23522 |
||